• 首页
  • 本馆介绍
  • 公告通知
  • 最新文献
  • 馆藏检索
  • 电子资源
  • 读者导购
  • 参考咨询
  • 我的图书馆
  • 登录
  • 详细信息显示
  • 放入我的书架
  • 预约/预借图书
  • 作者相关作品
  • 分类相关作品
  • 丛书相关作品
  • 出版社相关作品

书目信息

  • 表格格式
  • 工作单格式
  • 卡片格式
题名:
班级管理与班主任工作
    
 
作者: 谌启标 , 王晞 编著
分册:  
出版信息: 福州   福建教育出版社  2007
页数: 321页
开本: 21cm
丛书名:
单 册:
中图分类: G632.421
科图分类:
主题词: 班级--学校管理--师资培训--教材 , 班主任--工作--师资培训--教材 , 班级 , 学校管理 , 班主任 , 教育--各级
电子资源:
ISBN: 978-7-5334-4761-8
000 01184nam0 2200301 450
001 1135343041
005 20111006094943.18
010    @a978-7-5334-4761-8@dCNY23.00
100    @a20070327d2007 em y0chiy50 ea
101 0  @achi
102    @aCN@b350000
105    @ay z 000yy
200 1  @a班级管理与班主任工作@Aban ji guan li yu ban zhu ren gong zuo@f谌启标,王晞等编著
210    @a福州@c福建教育出版社@d2007
215    @a321页@d21cm
300    @a教师教育课程系列教材/余文森,连榕,洪明总主编 必修模块 福建省高校人文社会科学研究基地——基础教育与教师教育研究中心(福建师范大学)研究项目
330    @a本书从班级管理与班主任工作的基本方面展开探讨和研究,内容包括:班级组织的认识与班主任的管理使命,班级管理的基本内容与方法如班级常规、班级文化、班集体建设、班干部培养、班级活动设计、班级评价等班主任的专业发展。
606 0  @a班级@x学校管理@x师资培训@j教材
606 0  @a班主任@x工作@x师资培训@j教材
606 0  @a班级
606 0  @a学校管理
606 0  @a班主任
606 0  @a教育@x各级
690    @aG632.421@v4
701  0 @a谌启标@Achen qi biao@4编著
701  0 @a王晞@Awang xi@c(女,@f1964.1~)@4编著
801  0 @aCN@bNLC@c20101222
905    @a10447@dG424.21@eJY233
    
    班级管理与班主任工作/谌启标,王晞等编著.-福州:福建教育出版社,2007
    321页;21cm
    教师教育课程系列教材/余文森,连榕,洪明总主编 必修模块 福建省高校人文社会科学研究基地——基础教育与教师教育研究中心(福建师范大学)研究项目
    
    ISBN 978-7-5334-4761-8:CNY23.00
    本书从班级管理与班主任工作的基本方面展开探讨和研究,内容包括:班级组织的认识与班主任的管理使命,班级管理的基本内容与方法如班级常规、班级文化、班集体建设、班干部培养、班级活动设计、班级评价等班主任的专业发展。
●
相关链接 在E读中查询图书 在五车中查询图书 在当当中查询图书 在豆瓣中查询图书


正题名:班级管理与班主任工作     索取号:G424.21/JY233         预约/预借

序号 登录号 条形码 馆藏地/架位号 状态 备注
1 7807935   278079357   学院路分馆/ [索取号:G424.21/JY233] 在馆    
2 7807936   278079366   学院路分馆/ [索取号:G424.21/JY233] 在馆    
3 7807937   278079375   学院路分馆/ [索取号:G424.21/JY233] 在馆    
唐山师范学院图书馆 欢迎您!
大连网信软件有限公司© 版权所有